00637nam a2200169Ia 4500008004000000020001800040082001600058100001500074245003800089260008100127300001100208650004200219690001500261906001100276999001900287952016100306210210b2000 xxu||||| |||| 00| 0 eng d a81 7273 028 4 a302.23 RAIC aRAI (A N). aCommunication in the digital age. aDelhi.bAuthors Press, National Centre for Development Communication.,c2000 avi,361 aGlobalisation New Views Information  aJournalism a057122 c104478d104478 001040708SociologyaALbALcSociologyd2021-02-17eStandard Book Company, Bangalore.g575.00l0o302.23 RAICp057122r2021-02-17 00:00:00w2021-02-17yBK